00540nam a22001817a 450000500170000001000150001702000290003203500140006103700130007508200080008810000160009624501070011225000140021926000420023327000400027530000270031570000160034220180706120042.0 aENG-123393 c550.00 a9789352534340 aEN-106925 bDBAD/PUB a954 aGrover, B L00aA new look at modern indian history :cby B L Grover [and] Alka Mehtabfrom 1707 to the modern times / a32nd edn. aNew DelhibS. Chand and Companyc2018 a7361, Ram Nagar,bNew Delhie110055 a582p.c26cm(pbk)bill. aMehta, Alka